000 00971nam a2200265 i 4500
001 106496
003 ES-MaACL
005 20250928124014.0
007 t|
008 061124s1975 sp ||||1| spa d
080 _a730 Jerez, Concha (083.82)
100 1 _aJerez, Concha,
_d1941-
_966329
245 1 0 _aConcha Jerez Tiana
_b: [exposición, Sala del Prado del Ateneo de Madrid, octubre de 1975].
260 _aMadrid :
_bAteneo de Madrid,
_c1975.
300 _a[10] p. :
_bil. ;
_c26 cm.
490 1 _aAteneo de Madrid. Sala del Prado
600 1 4 _aJerez, Concha,
_d1941-
_vExposiciones
_966330
610 2 7 _aAteneo de Madrid-
_vExposiciones-
_y1970-1979.
_91921
655 7 _2tgfbne
_9193628
_aCatálogos de exposiciones
710 2 _aAteneo de Madrid.
_bSala del Prado.
_91965
830 0 0 _aAteneo de Madrid.
_pSala del Prado
_9185209
852 _aES-MaACL
_j2209-F-8
_9110532
_bR.138255
_cDEPOF
942 _2udc
_cFOLLETOS
999 _c106496
_d106496